00614nam a2200217 i 450000100060000000300080000600500170001400800390003103500190007004000270008904100080011608200230012410000200014724500830016725000120025026000340026230000250029650400200032165000190034165100360036036269BD-RjUL20211209052449.0140618s1976 ii 001 0 eng a(BD-RjUL)36366 aDLCcDLCdBD-RjULbeng aeng00a320.9541bVEC 19762 aVenkata Rao, V.12aA century of tribal politics in North East India, 1874-1974 /cV. Venkata Rao. a1st ed. aNew Delhi :bS. Chand,c1976. avi, 556 p. ;c23 cm. aIncludes index. 0aTribeszIndia. 0aIndiaxPolitics and government.